| 000 | 01353nam a2200373 a 4500 | ||
|---|---|---|---|
| 001 | 60552 | ||
| 003 | CO-BoRNBP | ||
| 005 | 20260219144234.0 | ||
| 007 | t | ||
| 008 | 131118s2013 sp gr 00110dspa d | ||
| 040 |
_aCO-BoBLA _bspa _dCO-BoBLA _erda _cMONSA |
||
| 041 | _aspa | ||
| 082 | 0 | 4 |
_a615.851 _bG65i _221 |
| 100 | 1 |
_aGómez Muñoz, Cristina. _969047 |
|
| 245 | 1 | 0 |
_aIntervención desde terapia ocupacional en salud mental / _cCristina Gómez Muñoz. |
| 250 | _aEditor, idea y dirección de proyecto Roberto Marcilla, Ricardo Prada, Josep Ma. Minguet. | ||
| 264 |
_a[Madrid?] : _bMonsa , Prayma, _c2013. |
||
| 300 |
_axxiv, 431 páginas : _bilustraciones ; _c30 cm. |
||
| 336 |
_atext _btxt _2rdacontent |
||
| 337 |
_aunmediated _bn _2rdamedia |
||
| 338 |
_avolume _bnc _2rdacarrier |
||
| 504 | _aIncluye bibliografía. | ||
| 650 | 7 |
_aEnfermedades mentales _xTratamiento. _2BLAAUTO _969048 |
|
| 650 | 7 |
_aEnfermedades ocupacionales _x Tratamiento. _2BLAAUTO _969049 |
|
| 650 | 7 |
_aPsiquiatría. _2BLAAUTO _969050 |
|
| 650 | 7 |
_aSalud mental. _2BLAAUTO _969051 |
|
| 650 | 7 |
_aTerapia ocupacional. _2BLAAUTO _969052 |
|
| 700 | 1 |
_aMarcilla, Roberto, _eeditor. _969053 |
|
| 700 | 1 |
_aMinguet Fructuoso, Josep Maria, _eeditor. _969054 |
|
| 700 | 1 |
_aPrada, Ricardo, _eeditor. _969055 |
|
| 942 |
_2ddc _cBK |
||
| 949 |
_an _bn |
||
| 960 | _aNormalizados-2025 | ||
| 999 |
_c60552 _d60552 |
||